000 nam a22 4500
999 _c9076
_d9076
008 180410b ||||| |||| 00| 0 eng d
245 _aFinance rejects higher VAT proposal.
260 _aPhilippines
_bManila Bulletin
_cc2016
300 _apage B1.
650 0 _927224
_aFinance.
942 _2ddc
_cPER